000 01273nam a22003617a 4500
003 CHAP
005 20220329141035.0
008 971013s1996 r 00010 d
010 _a61709
011 _a62681
035 _a66856
040 _cCHAP
090 _aTesis
100 0 0 _aApodaca Sarabia, Carlos A.
_96309
245 _aEvaluación de los principales sistemas de cruzamiento para producción de leche en el trópico México
260 _aChapingo, Méx. :
_bEl autor,
_c1996
300 _a45 h.
502 _aTesis (M. C. en Producción Animal) -- UACH. Departamento de Zootecnia
590 _aALEPH
_b10
_c20130110
_lUCH01
_h1343
590 _aBATCH-UPD
_b10
_c20130110
_lUCH01
_h1659
590 _aBATCH-UPD
_b10
_c20130410
_lUCH01
_h1047
590 _aBATCH-UPD
_b10
_c20130914
_lUCH01
_h1517
590 _aCONVERSION
_b10
_c20130109
_lUCH01
_h1333
650 1 4 _aGanado lechero
_xCruzas.
_945253
650 1 4 _aGanado lechero
_xGenética.
_945267
650 1 4 _aGanado lechero
_xTrópicos.
_945303
650 1 4 _aLeche
_xProducción.
_965400
901 _aBK
942 _cFOLL
949 _bBC
_cTES
_d-152096
_eTS1
_h30723
_i66856
_si
949 _bBC
_cTES
_d33724000625497
_eTS2
_fc.3
_h30727
_i66856
_si
949 _bBC
_cTES
_d33724000625505
_eTS2
_fc.2
_h30724
_i66856
_si
999 _c61709
_d61709